000
00221nam a2200085Ia 4500
245
0
_a
It's the little things
100
_a
JAMES, Erica Bath, 2009
_9
95470
942
_c
BK
008
210817s9999 xx 000 0 und d
999
_c
449032
_d
449030